01147nab a22002297a 4500999001500000003000400015005001700019008004100036040000700077100003700084245012600121300001500247500003700262505019900299505012000498650002800618650003400646650003300680650003500713773015600748942001300904 c6215d6215OSt20260126000947.0190514b xxu||||| |||| 00| 0 spa d cPJ 96940aTagliani, María Soledad 13aLa naturalización de algunas formas de violencia obstétrica : bun fallo emblemático /cMaría Soledad Tagliani.  ap. 120-131 aCita: TR LALEY AR/DOC/1514/2024. aSumario: I. El caso.— II. Breves referencias acerca de la violencia obstétrica y sus modalidades.— III. Valoración de los medios probatorios en estos supuestos.— IV. Palabras finales.  tFallo comentado: CCiv., Com. y Minería, General Roca ~ 01/02/2024 ~ M. M. M. c. H. J. O. Y. O. s/ violencia (f). 09967aDERECHO DE FAMILIA 094044aPERSPECTIVA DE GÉNERO 095034aVIOLENCIA OBSTÉTRICA 091057aJURISPRUDENCIA APLICABLE0 0284493222dBuenos Aires : AbeledoPerrot, 1989-tDerecho de familia. Revista Interdisciplinaria de doctrina y jurisprudencia. Agosto 2024-IV.z18511201 2udccANA